书目信息 |
| 题名: |
制度是如何形成的
|
|
| 作者: | 苏力 著 | |
| 分册: | ||
| 出版信息: | 北京 北京大学出版社 2022.07 |
|
| 页数: | 326页 | |
| 开本: | 23cm | |
| 丛书名: | ||
| 单 册: | ||
| 中图分类: | D9-53 , D9 | |
| 科图分类: | ||
| 主题词: | 法律--文集 , 法律 | |
| 电子资源: | ||
| ISBN: | 978-7-301-32915-3 | |
| 000 | 00736nam0 2200253 450 | |
| 001 | 2337090742 | |
| 005 | 20230911100843.87 | |
| 010 | @a978-7-301-32915-3@dCNY69.00 | |
| 100 | @a20071210d2022 em y0chiy50 ea | |
| 101 | 0 | @achi |
| 102 | @aCN@b110000 | |
| 105 | @ay z 000yy | |
| 200 | 1 | @a制度是如何形成的@AZhi Du Shi Ru He Xing Cheng De@dHow is an institution evolved@f苏力著@FSu Li Zhu@zeng |
| 205 | @a第三版 | |
| 210 | @a北京@c北京大学出版社@d2022.07 | |
| 215 | @a326页@d23cm | |
| 510 | 1 | @aHow is an institution evolved@zeng |
| 606 | 0 | @a法律@j文集 |
| 606 | 0 | @a法律 |
| 690 | @aD9-53@v5 | |
| 690 | @aD9@v4 | |
| 701 | 0 | @a苏力@ASu Li@f(1955~)@4著 |
| 801 | 0 | @aCN@bTANGWEI@c20140603 |
| 905 | @b0840842-44@dD9@e907=3@f3 | |
| 制度是如何形成的=How is an institution evolved/苏力著.-第三版.-北京:北京大学出版社,2022.07 |
| 326页;23cm |
| ISBN 978-7-301-32915-3:CNY69.00 |
| ● |
| 相关链接 |
|
|
|
|
正题名:制度是如何形成的
索取号:D9/907=3
 
预约/预借
| 序号 | 登录号 | 条形码 | 馆藏地/架位号 | 状态 | 备注 |
| 1 | 1052965 | 210529659 | 第一样本阅览室/ [索取号:D9/907=3] | 在馆 |